Поетичні школи американської лірики середини ХХ століття (Запис № 283416)
[ простий вигляд ]
| 000 -LEADER | |
|---|---|
| fixed length control field | 01715nam a22001577a 4500 |
| 041 ## - LANGUAGE CODE | |
| Language code of text/sound track or separate title | ukr |
| 080 ## - UNIVERSAL DECIMAL CLASSIFICATION NUMBER | |
| Universal Decimal Classification number | 09 |
| 090 ## - LOCALLY ASSIGNED LC-TYPE CALL NUMBER (OCLC); LOCAL CALL NUMBER (OCLC) | |
| Local cutter number (OCLC) ; Book number/undivided call number, CALL (RLIN) | КОВ |
| 100 ## - MAIN ENTRY--PERSONAL NAME | |
| Personal name | Коваленко О. М. |
| 245 ## - TITLE STATEMENT | |
| Title | Поетичні школи американської лірики середини ХХ століття |
| 260 ## - PUBLICATION, DISTRIBUTION, ETC. (IMPRINT) | |
| Place of publication, distribution, etc | Острог |
| Name of publisher, distributor, etc | КАФ |
| Date of publication, distribution, etc | 2006 |
| 300 ## - PHYSICAL DESCRIPTION | |
| Extent | 52 |
| 520 ## - SUMMARY, ETC. | |
| Summary, etc | Вступ.<br/>Розділ 1. Емма Андрієвська ян представниця нью-йорської поетичної школи.<br/>1.1. Основні мотиви у ліриці Емми Андрієвської.<br/>1.2. Структурні та мовленнєві особливості поетичних творів Емми Андрієвської.<br/>Розділ 2. Вплив експресіонізму на творчість поетів школи Блек Маунтин.<br/>2.1. Філософські концепціїяк підгрунтя творчості Роберта Крілі.<br/>2.2. Експериментальні прийоми побудови вірша як засіб вираження філософських настроїв покоління.<br/>Розділ 3. Особливості американського сюрреалізму на прикладі творчості Марка Стренда.<br/>3.1 Ідейно-філософський базис сюрреалізму.<br/>3.2. Автоматичне письмо як засіб втілення основних концепцій сюрреалістичного світобачення у творчості Марка Стренда.<br/>Висновки. |
| -- | літературознавсто |
| 650 ## - SUBJECT ADDED ENTRY--TOPICAL TERM | |
| Topical term or geographic name as entry element | Research Papers |
| 942 ## - ADDED ENTRY ELEMENTS (KOHA) | |
| Koha item type | Книги |
| Withdrawn status | Lost status | Source of classification or shelving scheme | Damaged status | Not for loan | Home library | Current library | Date acquired | Source of acquisition | Coded location qualifier | Cost, normal purchase price | Total Checkouts | Full call number | Barcode | Date last seen | Price effective from | Koha item type |
|---|---|---|---|---|---|---|---|---|---|---|---|---|---|---|---|---|
| Universal Decimal Classification | ВІЛ - Відділ іноземн. літератури НБ | ВІЛ - Відділ іноземн. літератури НБ | 29/01/2019 | Ретроспекція | В13 | 1.00 | 09 | 212234 | 15/12/2021 | 29/01/2019 | Книги |